000 01124nam a2200241Ia 4500
003 OSt
005 20220923212116.0
006 a|||||r|||| 00| 0
007 ta
008 220922b |||||||| |||| 00| 0 hin d
024 _a150,770
037 _cTextual
040 _aARTS
_cARTS
_bhin
041 _2hin
_ahin
082 _aLA:638873, 152K21
100 _aबेदी, रामेश
245 0 _aपीपल
_b पीपल वृक्ष की छाल पत्त्ेा दूघ आदि की विविध रोगो मे तथा उद्योग धन्धो में उपयोग करने के विस्तृत और प्रामाणिक विवरण
246 _aPīpala: pīpal vṛukṣha kī chhāl patteā dūgh ādi kī vividh rogo me tathā udyog dhandho mean upayog karane ke vistṛut aur prāmāṇik vivaraṇa
260 _c1962
490 _aभारतीय द्रव्यगुण ग्रंथमाला
942 _hLA:638873, 152K21
_cTEXL
_2CC
999 _c306450
_d306450